| 000 | 00389nam a2200133 a 4500 | ||
|---|---|---|---|
| 001 | 000028316 | ||
| 005 | 20200930031532.0 | ||
| 008 | 110407s1943 dr 000 0 spa d | ||
| 040 |
_aDO-SdBNP _bspa _cBNPHU |
||
| 245 | 0 | 3 | _aUn manifiesto a los intelectuales cubanos. /. |
| 260 |
_aCiudad Trujillo, República Dominicana, : _bLa nación, _c1943. |
||
| 300 |
_a11 p. ; _c20 cm. |
||
| 049 | _aBNPD | ||
| 999 |
_c27808 _d27808 |
||